| 000 | 00447nam a2200133 a 4500 | ||
|---|---|---|---|
| 001 | 000040059 | ||
| 005 | 20201002033907.0 | ||
| 008 | 130805s1979 pn ab 000 0 spa d | ||
| 040 |
_aDO-SdBNP _bspa _cBNPHU |
||
| 082 |
_axxxx _bxxxx |
||
| 245 | 0 | 0 |
_aAlmanaque mundial 1980 : _benciclopedia de datos útiles y conocimientos prácticos, el dato que ud. busca... al alcance de su mano. |
| 260 |
_aPanama : _bAmérica, _c1979. |
||
| 300 |
_a576 p. ; _c20 cm. |
||
| 999 |
_c39549 _d39549 |
||